书目信息 |
| 题名: |
线性代数释疑解难
|
|
| 作者: | 曹永林,徐绥,游宏编著 | |
| 分册: | ||
| 出版信息: | 天津 天津大学出版社 2005.01 |
|
| 页数: | 184页 | |
| 开本: | 26cm | |
| 丛书名: | ||
| 单 册: | ||
| 中图分类: | O151.2 | |
| 科图分类: | ||
| 主题词: | 线性代数-高等学校-教学参考资料 | |
| 电子资源: | ||
| ISBN: | 7-5618-2089-5 | |
| 000 | 00712nam0 2200217 45 | |
| 001 | 010463894811 | |
| 005 | 20070607160621.25 | |
| 010 | @a7-5618-2089-5@dCNY15.00 | |
| 100 | @a20061027d2005 ekmy0 y0120 ea | |
| 102 | @aCN@b120000 | |
| 105 | @ay z 000yy | |
| 200 | 1 | @a线性代数释疑解难@f曹永林,徐绥,游宏编著 |
| 210 | @a天津@c天津大学出版社@d2005.01 | |
| 215 | @a184页@d26cm | |
| 330 | @a本书为高校辅导书,分6章,包括:行列式、矩阵、N维行列式、线性方程组、矩阵的特征值与特征向量,相似矩阵,二次型的典型问题与例题及解答。 | |
| 606 | 1 | @a线性代数-高等学校-教学参考资料 |
| 690 | @aO151.2@v4 | |
| 701 | 0 | @a曹永林,徐绥,游宏编著 |
| 801 | 0 | @aCN@c20070607 |
| 905 | @dO151.2@eC163 | |
| 906 | @dCNY15.00@n3@r1 | |
| 线性代数释疑解难/曹永林,徐绥,游宏编著.-天津:天津大学出版社,2005.01 |
| 184页;26cm |
| ISBN 7-5618-2089-5:CNY15.00 |
| 本书为高校辅导书,分6章,包括:行列式、矩阵、N维行列式、线性方程组、矩阵的特征值与特征向量,相似矩阵,二次型的典型问题与例题及解答。 |
| ● |
| 相关链接 |
|
|
|
正题名:线性代数释疑解难
索取号:O151.2/C163
 
预约/预借
| 序号 | 登录号 | 条形码 | 馆藏地/架位号 | 状态 | 备注 |
| 1 | 230273 | 202302739 | 自科二线504/504自科库 50排1列3层/ [索取号:O151.2/C163] | 在馆 | |
| 2 | 230274 | 202302748 | 自科二线504/504自科库 50排1列3层/ [索取号:O151.2/C163] | 在馆 | |
| 3 | 230275 | 202302757 | 自科二线504/504自科库 50排1列3层/ [索取号:O151.2/C163] | 在馆 |